• 首页
  • 本馆介绍
  • 公告通知
  • 最新文献
  • 馆藏检索
  • 电子资源
  • 读者导购
  • 参考咨询
  • 我的图书馆
  • 登录
  • 详细信息显示
  • 放入我的书架
  • 预约/预借图书
  • 作者相关作品
  • 分类相关作品
  • 丛书相关作品
  • 出版社相关作品

书目信息

  • 表格格式
  • 工作单格式
  • 卡片格式
题名:
公差及技术测量实验
    
 
作者: 加布列娃 著 ;张耀宸 译
分册:  
出版信息: 北京   高等教育出版社  1955
页数: 305页
开本: 20cm
丛书名:
单 册:
中图分类: TG8
科图分类:
主题词: 机械元件-测量--专业学校--教材 , 公差∶配合--专业学校--教材 , 测量-机械元件--专业学校--教材
电子资源:
ISBN:
000 00786nam0 2200253 45
001 0191027959
005 20060516083826.60
010    @dCNY1.40
100    @a19911129d1955 em y0chiy0121 ea
101 0  @achi@crus
102    @aCN@b110000
105    @ay z 000yy
200 10 @a公差及技术测量实验@AGONG CHA PEI HE YU JI SHU CE LIANG@fН·Н·加布列娃等著@FН·Н·jia bu lie wa deng zhu@g张耀宸等译
210    @a北京@c高等教育出版社@d1955
215    @a305页@d20cm
300    @a高等学校教学用书
606    @a机械元件-测量@x专业学校@x教材
606    @a公差∶配合@x专业学校@x教材
606    @a测量-机械元件@x专业学校@x教材
690    @aTG8
701  0 @a加布列娃@Ajia bu lie wa@4著
702  0 @a张耀宸@Azhang yao chen@4译
801  0 @aCN@bTSSF@c20060516
905    @a10447@dTG8@e4
    
    公差及技术测量实验/Н·Н·加布列娃等著/张耀宸等译.-北京:高等教育出版社,1955
    305页;20cm
    高等学校教学用书
    
    ISBN :CNY1.40
    
●
相关链接 在E读中查询图书 在五车中查询图书 在当当中查询图书 在豆瓣中查询图书


正题名:公差及技术测量实验     索取号:TG8/4         预约/预借

序号 登录号 条形码 馆藏地/架位号 状态 备注
1 0008558   202337499   密集书库/ [索取号:TG8/4] 在馆    
2 0008559   202337514   密集书库/ [索取号:TG8/4] 在馆    
唐山师范学院图书馆 欢迎您!
大连网信软件有限公司© 版权所有